000 00285nam a22001337a 4500
008 180314b xxu||||| |||| 00| 0 eng d
020 _a2900882847008
041 _aeng
080 _a78
100 _a45
101 _aMUZ
245 _agroup piano
_clanecaster.e.l
942 _2udc
_cBK
999 _c45057
_d45057